Hodnotenie kvality vzdelávania pre zlepšenie úrovne dosahovaných školských výsledkov

Problematika kvality vzdelávania, resp. hodnotenia kvality vzdelávania so zreteľom na ekonomické a sociálne kritériá. Analýza súčasného stavu v oblasti hodnotenia a sebahodnotenia kvality vzdelávania v podmienkach regionálneho školstva. Analýza sociálnych a ekonomických aspektov vzdelávania a odborn...

Full description

Saved in:
Bibliographic Details
Main Author: Dudová, Iveta
Other Authors: Polonyová, Simona, 1985-
Format: Book Chapter
Language:Slovak
Subjects:
Tags: Add Tag
No Tags, Be the first to tag this record!

MARC

LEADER 00000nla a2200000 4500
001 0155367
005 20240502083348.7
041 0 |a slo 
044 |a CZ 
245 1 0 |a Hodnotenie kvality vzdelávania pre zlepšenie úrovne dosahovaných školských výsledkov  |c Iveta Dudová, Simona Polonyová 
520 |a Problematika kvality vzdelávania, resp. hodnotenia kvality vzdelávania so zreteľom na ekonomické a sociálne kritériá. Analýza súčasného stavu v oblasti hodnotenia a sebahodnotenia kvality vzdelávania v podmienkach regionálneho školstva. Analýza sociálnych a ekonomických aspektov vzdelávania a odbornej prípravy. 
610 2 0 |a vzdelávanie 
610 2 0 |a kvalita vzdelávania 
610 2 0 |a politika vzdelávania 
610 2 0 |a Slovensko 
610 2 0 |a kríza hospodárska 
100 1 |a Dudová, Iveta 
700 1 |a Polonyová, Simona, 1985-